000 00771nam a2200181Ia 4500
008 100921s9999 xx 000 0 und d
082 _b36811
_a301 न 02
100 _aजैन नीरज.
245 _aजागतिकरकरण की नवीन गुलामगिरी.
260 _bजोशी रामदास श्रीधर,पुणे.
_c2002
300 _a247
_bरसिक साहित्य,पुणे
365 _b100
520 _aसमाजशास्त्र.
630 _aजागतिकरकरण की नवीन गुलामगिरी.
650 _aसमाजशास्त्र.
730 _aजागतिकरकरण की नवीन गुलामगिरी.
942 _cBOOK
999 _c785924
_d785921